000 00309nam a22001337a 4500
008 171102b xxu||||| |||| 00| 0 eng d
020 _a9780324182576
041 _aeng
080 _a 339.138
100 _a60
101 _aMAR
245 _aESSENTIALS OF MARKETING RESEARCH
_cZIKMUND,W.G
942 _2udc
_cBK
999 _c37336
_d37336